000 00561nam a22001817a 4500
003 UA-OsUOA
001 15538
007 ta
008 20031117b un ||||| |||| 00| 0 ukr d
100 _aКорнійчук Ю.
942 _cSA
040 _aUA-OsUOA
_cUA-OsUOA
_dUA-OsUOA
245 _aВ'єтнамська делегація - гість УМВС [України в Рівнен. обл.]
300 _aС.6
955 _a0
773 0 _w0
_tЗакон. Право
_dРівне
_d2003
_g№12/Черв./
650 7 _aКраєзнавча робота
_2UDC
999 _c301703
_d301703